000 003290000a22001450004500
003 MACL
040 _aMACL
090 _c32213
_d32211
100 _aIyer, Sriya
245 _aDemography and Religion In India
260 _bOxford University Press
_c2002
350 _a595
650 _aSocial Science
942 _cBOOK
_k304.60/Iye
999 _c31885
_d31885